000 00588nam a2200217Ia 4500
005 20241129111424.0
008 241129s9999||||xx |||||||||||||| ||und||
020 _a978-81-962650-2-1
037 _aTB
040 _aCRL
_beng
_cCRL
041 _aurd
_2urd
084 _aO168,3N74,JA R3
_qCRL
100 _aSaleemi Akhtar Raza Au.
245 0 _aJandar
_cSaleemi Akhtar Raza Au.
260 _aLucknow, India
_bMatterlink
_c2023
300 _a121p.
365 _aINR
_b350
650 _aUrdu Fiction
_93298
942 _cTB
_hO168,3N74,JA R3
999 _c1230399
_d1230399